[Event "AUTO-INT-3641"]
[Site "http://www.queenalice.com/game.php?id=1643731"]
[Date "2021.2.16"]
[Round "1"]
[White "Tenor"]
[Black "Walter"]
[Result "0-1"]
[WhiteElo "1632"]
[BlackElo "1720"]

1. e4 e5 2. Nc3 Nf6 3. Nf3 Bc5 4. h3 O-O 5. Nxe5 Bd4 6. Nf3 Bxc3 7. dxc3 Nxe4 8.
Bd3 Re8 9. Bxe4 Rxe4+ 10. Be3 d6 11. O-O h6 12. Qd2 Nc6 13. Rae1 Bf5 14. Nd4
Nxd4 15. cxd4 Qf6 16. c3 Qg6 17. f3 Re6 18. Re2 Bd3 19. Rd1 Bxe2 20. Qxe2 Rae8
21. Qd3 Qxd3 0-1

[Event "AUTO-INT-3641"]
[Site "http://www.queenalice.com/game.php?id=1643732"]
[Date "2021.2.16"]
[Round "1"]
[White "Walter"]
[Black "BobFicha"]
[Result "0-1"]
[WhiteElo "1732"]
[BlackElo "1824"]

1. e4 e5 2. Bc4 Nf6 3. Nc3 c6 4. Nf3 d5 5. exd5 cxd5 6. Bb5+ Bd7 7. Bxd7+ Nbxd7
8. d4 exd4 9. Nxd4 Bb4 10. Bd2 O-O 11. O-O Bc5 12. Be3 Qb6 13. b3 Rfe8 14. Qd3
Ng4 15. h3 Nge5 16. Qb5 Qxb5 17. Ncxb5 Rf8 18. Nc7 Rac8 19. Nxd5 Bxd4 20. Ne7+
Kh8 21. Nxc8 Bxa1 22. Rxa1 Rxc8 23. a4 Rxc2 24. a5 a6 25. b4 Rb2 26. Ra4 Rb1+
27. Kh2 Nc6 0-1

[Event "AUTO-INT-3641"]
[Site "http://www.queenalice.com/game.php?id=1643733"]
[Date "2021.2.16"]
[Round "1"]
[White "BobFicha"]
[Black "Walter"]
[Result "1-0"]
[WhiteElo "1829"]
[BlackElo "1751"]

1. e4 e5 2. Nf3 Nc6 3. Bb5 Nd4 4. Nxd4 exd4 5. Bc4 Bc5 6. Qf3 Qf6 7. Qxf6 Nxf6
8. f3 O-O 9. d3 d6 10. Bg5 Nh5 11. g4 Nf6 12. Bxf6 gxf6 13. Nd2 Be6 14. a3 Bxc4
15. Nxc4 Rfe8 16. b4 b5 17. bxc5 bxc4 18. dxc4 dxc5 19. O-O Rab8 20. Ra2 a5 21.
Rd1 a4 22. Kf2 Rb6 23. c3 Rd8 24. h4 Rb3 25. Rd3 Rxc3 26. Rxc3 dxc3 27. Rc2 Rd2+
28. Rxd2 cxd2 29. Ke2 d1=Q+ 30. Kxd1 Kg7 31. Ke2 Kg6 32. Ke3 h5 33. Kf4 hxg4 34.
fxg4 c6 35. h5+ Kh6 36. Kf5 Kg7 37. h6+ Kxh6 38. Kxf6 1-0

[Event "AUTO-INT-3641"]
[Site "http://www.queenalice.com/game.php?id=1643734"]
[Date "2021.2.16"]
[Round "1"]
[White "Walter"]
[Black "Carlos19"]
[Result "1-0"]
[WhiteElo "1710"]
[BlackElo "1470"]

1. e4 e5 2. Bc4 Nf6 3. Nc3 Bc5 4. h3 O-O 5. Nf3 d6 6. O-O h6 7. d3 Nc6 8. a3 a6
9. Qe2 b5 10. Bb3 a5 11. Nxb5 a4 12. Bd5 Bb7 13. Be3 Bxe3 14. Qxe3 Nxd5 15. exd5
Ne7 16. Qe4 f5 17. Qc4 Ba6 18. Qxa4 Bxb5 19. Qxb5 Rb8 20. Qc4 Rxb2 21. Rfb1
Rxb1+ 22. Rxb1 Qa8 23. Qxc7 Nxd5 24. Qxd6 Rf6 25. Qxe5 Nc3 26. Rb3 Nd1 27. Rb8+
Qxb8 28. Qxb8+ Rf8 29. Qb3+ Kh7 30. Kf1 g5 31. Ke2 g4 32. Kxd1 gxf3 33. Qb7+ Kg8
34. Qxf3 f4 35. a4 Ra8 36. Qxa8+ Kg7 37. Qc6 Kh7 38. a5 1-0

[Event "AUTO-INT-3641"]
[Site "http://www.queenalice.com/game.php?id=1643735"]
[Date "2021.2.16"]
[Round "1"]
[White "Carlos19"]
[Black "Walter"]
[Result "1-0"]
[WhiteElo "1446"]
[BlackElo "1738"]

1. e4 e5 2. Nf3 Nc6 3. Nc3 Nf6 4. Bc4 h6 5. O-O Bb4 6. a3 Bxc3 7. dxc3 Nxe4 8.
Qd5 Nd6 9. Nxe5 Nxe5 10. Qxe5+ Kf8 11. Bf4 Nxc4 12. Qc5+ d6 13. Qxc4 Be6 14. Qb4
b6 15. Rfd1 a5 16. Qb5 Kg8 17. h3 Qd7 18. Qxd7 Bxd7 19. b4 b5 20. bxa5 Rxa5 21.
Re1 Kf8 22. g4 Be6 23. Bd2 Ke7 24. c4 Raa8 25. cxb5 Rhe8 26. a4 Kf8 27. Bb4 Bc4
28. Rxe8+ Rxe8 29. b6 cxb6 30. Bxd6+ Kg8 31. Rb1 Ra8 32. Rxb6 Rxa4 33. f4 Be2
34. g5 hxg5 35. fxg5 g6 36. Rb8+ Kh7 37. Be5 Re4 38. Rh8# 1-0

[Event "AUTO-INT-3618"]
[Site "http://www.queenalice.com/game.php?id=1644852"]
[Date "2021.2.26"]
[Round "2"]
[White "askasl159"]
[Black "Walter"]
[Result "1-0"]
[WhiteElo "1805"]
[BlackElo "1720"]

1. e4 e5 2. f4 Qh4+ 3. g3 Qe7 4. Nf3 exf4 5. gxf4 Qxe4+ 6. Qe2 Qxe2+ 7. Bxe2 Nf6
8. Nc3 Bb4 9. b3 Bxc3 10. dxc3 O-O 11. Bb2 Re8 12. Rg1 d6 13. c4 Nc6 14. Bxf6 g6
15. a3 Bf5 16. Kd2 Re6 17. Bc3 h6 18. Bd3 Bxd3 19. cxd3 Rae8 20. Rge1 Rxe1 21.
Rxe1 Rxe1 22. Kxe1 f5 23. Nd4 Nxd4 24. Bxd4 c5 25. Be3 Kf7 26. d4 cxd4 27. Bxd4
b6 28. a4 g5 29. fxg5 hxg5 30. b4 f4 31. c5 dxc5 32. bxc5 bxc5 33. Bxc5 a6 34.
Kf2 Ke6 35. h3 Kf5 36. Kf3 Kg6 37. Kg4 Kh6 38. Be7 Kg6 39. Bxg5 1-0

[Event "AUTO-INT-3618"]
[Site "http://www.queenalice.com/game.php?id=1644853"]
[Date "2021.2.26"]
[Round "2"]
[White "Walter"]
[Black "askasl159"]
[Result "0-1"]
[WhiteElo "1755"]
[BlackElo "1772"]

1. e4 e5 2. Nf3 Nc6 3. Bc4 h6 4. O-O f5 5. Bxg8 Rxg8 6. exf5 d5 7. d4 e4 8. Ne5
Nxe5 9. dxe5 Bxf5 10. Bf4 Bc5 11. Qh5+ g6 12. Qxh6 Qe7 13. Qg5 Qxg5 14. Bxg5 Be7
15. Bxe7 Kxe7 16. Nc3 c6 17. Rfe1 Ke6 18. Ne2 Kxe5 19. Ng3 Raf8 20. Nxf5 gxf5
21. Kf1 Rg5 22. g3 b5 23. h4 Rg4 24. Kg2 a5 25. Kh3 Rfg8 26. Rg1 c5 27. Rae1 c4
28. f4+ Kd6 29. c3 b4 30. cxb4 axb4 31. a3 bxa3 32. bxa3 Ra8 33. Ra1 d4 34. a4
Kc5 35. Rgb1 Ra5 36. Rb5+ Rxb5 37. axb5 Kxb5 38. Kg2 d3 0-1

[Event "AUTO-INT-3618"]
[Site "http://www.queenalice.com/game.php?id=1644859"]
[Date "2021.2.26"]
[Round "2"]
[White "ungern"]
[Black "Walter"]
[Result "0-1"]
[WhiteElo "1488"]
[BlackElo "1754"]

1. e4 e5 2. Nf3 Nc6 3. Nc3 Bc5 4. d3 Nf6 5. Be2 O-O 6. Bg5 h6 7. Bh4 d6 8. O-O
Qd7 9. Bxf6 gxf6 10. Nd5 Nd4 0-1

[Event "AUTO-INT-3618"]
[Site "http://www.queenalice.com/game.php?id=1644860"]
[Date "2021.2.26"]
[Round "2"]
[White "Walter"]
[Black "Carlos19"]
[Result "1-0"]
[WhiteElo "1740"]
[BlackElo "1539"]

1. e4 e5 2. Nf3 Nc6 3. Bc4 Nf6 4. h3 d5 5. exd5 Nxd5 6. d3 Bc5 7. O-O O-O 8. Re1
a6 9. Nxe5 Nf6 10. Nxf7 Rxf7 11. Bxf7+ Kxf7 12. Nc3 Qd4 13. Be3 Qb4 14. Bxc5 Qh4
15. Qf3 Nb4 16. Rac1 Nc6 17. Ne4 Ne5 18. Qe3 Nxe4 19. Qxe4 Qxe4 20. Rxe4 Kf6 21.
Bd4 Bf5 22. Bxe5+ Kg5 23. Rf4 c5 24. Re1 Re8 25. Rf3 g6 26. Bf4+ 1-0

[Event "AUTO-INT-3618"]
[Site "http://www.queenalice.com/game.php?id=1644861"]
[Date "2021.2.26"]
[Round "2"]
[White "Carlos19"]
[Black "Walter"]
[Result "0-1"]
[WhiteElo "1665"]
[BlackElo "1707"]

1. e4 e5 2. Nf3 Nc6 3. Bc4 h6 4. h3 Bc5 5. c3 Nf6 6. d3 O-O 7. O-O d5 8. exd5
Nxd5 9. d4 exd4 10. cxd4 Be7 11. Nc3 Nxc3 12. bxc3 Bf5 13. Bb5 Qd5 14. a4 a6 15.
Bxc6 Qxc6 16. Rb1 Bxb1 17. Bxh6 Qxh6 18. Qxb1 b6 19. Qe1 Rfe8 20. Qc1 Qxc1 21.
Rxc1 Bd6 22. Ng5 c5 23. dxc5 Bxc5 24. g4 Re2 25. Rf1 Rae8 26. Nf3 R8e4 27. Ng5
Re1 28. Rxe1 Rxe1+ 29. Kg2 Re2 30. Kf3 Rxf2+ 31. Kg3 Ra2 32. Ne4 Rxa4 33. Ng5 a5
34. Kh4 Rf4 35. Kh5 a4 36. h4 Rf6 37. Ne4 Rh6+ 38. Kg5 Be3+ 39. Kf5 Rxh4 40. Ng5
Bxg5 41. Kxg5 Rh6 42. c4 a3 43. c5 bxc5 44. Kf5 a2 45. Kg5 a1=Q 46. Kf5 Re6 47.
g5 Qe5+ 48. Kg4 f5+ 49. Kh5 Qh2# 0-1

[Event "Grognard"]
[Site "http://www.queenalice.com/game.php?id=1645062"]
[Date "2021.2.27"]
[Round "3"]
[White "Walter"]
[Black "tewald"]
[Result "0-1"]
[WhiteElo "1707"]
[BlackElo "1989"]

1. e4 e6 2. e5 d5 3. d4 c5 4. Nf3 Nc6 5. Bb5 a6 6. Bxc6+ bxc6 7. Nc3 cxd4 8.
Nxd4 c5 9. Nf3 Bb7 10. O-O Ne7 11. Ne2 Ng6 12. Nf4 Qc7 13. Nxg6 hxg6 14. h3 Be7
15. Bg5 Bxg5 16. Nxg5 Qxe5 17. Nf3 Qd6 18. Re1 f6 19. Qe2 e5 20. Rad1 O-O-O 21.
c4 d4 22. b3 g5 23. Nh2 g6 24. Qg4+ Kb8 25. Qe2 Qc6 26. f3 Rd7 27. Qe4 Qxe4 28.
fxe4 Rh4 29. Ng4 Rd6 30. Nf2 Re6 31. Nd3 Rc6 32. Re2 Kc7 33. Rf1 Kb6 34. Nf2 Rd6
35. Nd3 Bxe4 36. Nf2 Bc6 37. Rfe1 Bd7 38. Re4 Bf5 39. Rxh4 gxh4 40. Ne4 Bxe4 41.
Rxe4 g5 42. Kf2 Re6 43. a4 f5 44. Re2 e4 45. g3 d3 46. Re3 f4 0-1

[Event "AUTO-INT-3617"]
[Site "http://www.queenalice.com/game.php?id=1647089"]
[Date "2021.3.19"]
[Round "2"]
[White "Walter"]
[Black "APSHOOTER"]
[Result "1-0"]
[WhiteElo "1721"]
[BlackElo "1569"]

1. e4 e5 2. Bc4 Nf6 3. Nc3 a6 4. Nf3 Nc6 5. Ng5 d5 6. exd5 b5 7. dxc6 bxc4 8.
Qf3 h6 9. Nge4 Nxe4 10. Qxe4 Be6 11. Qxe5 Qd6 12. Qxd6 Bxd6 13. Ne4 Bd5 14.
Nxd6+ cxd6 15. O-O O-O 16. Re1 Bxc6 17. d3 cxd3 18. cxd3 Rfe8 19. Rxe8+ Rxe8 20.
Be3 Re6 21. h3 Rg6 22. g3 Bf3 23. b4 d5 24. a4 Rc6 25. b5 axb5 26. axb5 Rc3 27.
d4 Rb3 28. Ra8+ Kh7 29. Rb8 g5 30. b6 Kg6 31. b7 f6 32. Rg8+ 1-0

[Event "AUTO-INT-3617"]
[Site "http://www.queenalice.com/game.php?id=1647090"]
[Date "2021.3.19"]
[Round "2"]
[White "APSHOOTER"]
[Black "Walter"]
[Result "0-1"]
[WhiteElo "1559"]
[BlackElo "1749"]

1. e4 c5 2. Bc4 Nc6 3. Nf3 e6 4. a3 d5 5. exd5 exd5 6. Bb5 Bd7 7. Nc3 d4 8. Qe2+
Qe7 9. Qxe7+ Bxe7 10. Nd5 Bd6 11. d3 Nge7 12. Nxe7 Bxe7 13. h3 a6 14. Bxc6 Bxc6
15. Bf4 Bxf3 16. gxf3 O-O 17. O-O-O h6 18. Rde1 Rfe8 19. Re5 Bf6 20. Rxe8+ Rxe8
21. Bd6 b6 22. f4 Re2 23. Rf1 Bh4 24. f3 Rh2 25. Bc7 b5 26. f5 Rxh3 27. f4 Be7
28. Rg1 Rh5 29. Re1 Bf6 30. Re8+ Kh7 31. Rf8 Rxf5 32. Rxf7 h5 33. Ba5 Rxf4 34.
Ra7 c4 35. dxc4 bxc4 36. Rxa6 h4 37. Be1 h3 38. b4 h2 39. Bg3 Rf1+ 0-1

[Event "AUTO-INT-3617"]
[Site "http://www.queenalice.com/game.php?id=1647091"]
[Date "2021.3.19"]
[Round "2"]
[White "Walter"]
[Black "SamuraiJOM"]
[Result "1-0"]
[WhiteElo "1799"]
[BlackElo "1605"]

1. e4 e5 2. Bc4 Nf6 3. Nc3 Bc5 4. h3 c6 5. Nf3 h6 6. O-O O-O 7. Nxe5 a5 8. Nxf7
Rxf7 9. d4 Ba7 10. Bxf7+ Kxf7 11. e5 Nh7 12. Qf3+ Kg8 13. Be3 d5 14. Qg3 g5 15.
f4 Be6 16. fxg5 hxg5 17. Rf2 Nd7 18. Raf1 Qe7 19. a3 c5 20. Nb5 cxd4 21. Bxd4
Nc5 22. Nxa7 Ne4 23. Qb3 Nxf2 24. Rxf2 Kg7 25. Nb5 Rb8 26. Nc3 Qd7 27. Qb5 Qxb5
28. Nxb5 Kg8 29. Nd6 b5 30. b4 g4 31. hxg4 axb4 32. axb4 Bxg4 33. Rf4 Bd1 34. c3
Ng5 35. Kf2 Ne6 36. Rh4 Rf8+ 37. Ke1 Bb3 38. Nxb5 Nf4 39. Rg4+ Kh7 40. Bc5 Nd3+
41. Kd2 Rg8 42. Rxg8 Kxg8 43. Kxd3 Bc4+ 44. Kd4 Bxb5 45. Kxd5 Kf7 46. e6+ Kf6
47. e7 Kf7 48. g4 Bd3 49. Kc6 Ke8 50. b5 Be4+ 51. Kc7 Bd5 52. b6 1-0

[Event "AUTO-INT-3617"]
[Site "http://www.queenalice.com/game.php?id=1647092"]
[Date "2021.3.19"]
[Round "2"]
[White "SamuraiJOM"]
[Black "Walter"]
[Result "0-1"]
[WhiteElo "1500"]
[BlackElo "1795"]

1. e4 e5 2. Nf3 Nc6 3. Bc4 h6 4. c3 Bc5 5. d4 exd4 6. cxd4 Bb4+ 7. Nbd2 d6 8. a3
Bxd2+ 9. Bxd2 Nf6 10. Qc2 O-O 11. h3 Re8 12. d5 Ne5 13. Nxe5 Rxe5 14. f3 a6 15.
Bf4 Re8 16. O-O-O Bd7 17. b3 b5 18. Bd3 Rc8 19. Kb1 a5 20. h4 b4 21. a4 Rb8 22.
Bc4 Qe7 23. Rde1 Nh5 24. Be3 c6 25. dxc6 Bxc6 26. Bd5 Bxd5 27. exd5 Qf6 28. Re2
Ng3 29. Bd4 Qxd4 30. Rxe8+ Rxe8 31. Rd1 Qc5 32. Qd3 Qc3 33. Qxc3 bxc3 34. Kc2
Rc8 35. Rd4 Nf5 36. Rd3 Ne7 37. g4 Ng6 38. h5 Ne5 39. Re3 Rc5 40. g5 hxg5 41.
Re4 Nxf3 42. Re8+ Kh7 43. Re3 Nd4+ 44. Kc1 Nxb3+ 45. Kc2 Nd4+ 46. Kb1 c2+ 47.
Kc1 Rxd5 48. Re7 f6 49. Rf7 Kh6 50. Rc7 Kxh5 51. Rxg7 Rc5 52. Re7 Nb3+ 0-1

[Event "AUTO-INT-3617"]
[Site "http://www.queenalice.com/game.php?id=1647093"]
[Date "2021.3.19"]
[Round "2"]
[White "Walter"]
[Black "Aristoteles"]
[Result "1-0"]
[WhiteElo "1764"]
[BlackElo "1556"]

1. e4 e5 2. Bc4 Nf6 3. Nc3 Bb4 4. a3 Bxc3 5. dxc3 d6 6. Qd3 a6 7. Nf3 h6 8. O-O
Qe7 9. h3 Be6 10. Bxe6 Qxe6 11. b3 O-O 12. Be3 Nc6 13. c4 Rfd8 14. Rfe1 Rab8 15.
Rad1 b5 16. cxb5 axb5 17. c4 bxc4 18. Qxc4 Qxc4 19. bxc4 Nxe4 20. Bxh6 Nf6 21.
Bg5 Re8 22. Bxf6 gxf6 23. Rb1 Ra8 24. Ra1 Ra4 25. Rec1 Rb8 26. Nh4 Rb3 27. c5 d5
28. Nf3 Rbxa3 29. Rxa3 Rb4 30. Ra6 e4 31. Rxc6 exf3 32. gxf3 Rb3 33. Kg2 d4 34.
Rxc7 d3 35. Rd7 Kf8 36. Rd1 Rc3 37. R7xd3 Rxc5 38. Rd5 Rc3 39. R1d3 Rc6 40. Rd6
Rxd6 41. Rxd6 Ke7 42. Rd4 f5 43. f4 f6 44. Rd1 Ke6 45. h4 Kf7 46. Kg3 Kg6 47.
Rd8 1-0

[Event "AUTO-INT-3617"]
[Site "http://www.queenalice.com/game.php?id=1647094"]
[Date "2021.3.19"]
[Round "2"]
[White "Aristoteles"]
[Black "Walter"]
[Result "0-1"]
[WhiteElo "1561"]
[BlackElo "1757"]

1. e4 e5 2. Nf3 Nc6 3. Bb5 a6 4. Bxc6 dxc6 5. d3 Bd6 6. Nc3 Nf6 7. Bg5 h6 8. Bh4
g5 9. Bg3 Qe7 10. O-O Bg4 11. h3 Be6 12. a3 b5 13. Re1 O-O-O 14. Bxe5 Bxe5 15.
Nxe5 Rd6 16. Qf3 h5 17. Qe3 Kb7 18. Nf3 g4 19. hxg4 hxg4 20. Nd2 Rdd8 21. e5 Nd5
22. Nxd5 Qh4 23. f3 cxd5 24. f4 g3 25. Kf1 Qh1+ 26. Ke2 Qxg2+ 27. Kd1 Rh1 28.
Rxh1 Qxh1+ 29. Qe1 Rh8 30. Nb3 g2 31. Kd2 Rh2 32. Qg1 Bh3 33. Kc3 Qxg1 34. Rxg1
Rh1 0-1

[Event "AUTO-OPEN-4274"]
[Site "http://www.queenalice.com/game.php?id=1650264"]
[Date "2021.4.20"]
[Round "1"]
[White "Rutty"]
[Black "Walter"]
[Result "1-0"]
[WhiteElo "2098"]
[BlackElo "1784"]

1. e4 e5 2. Nf3 Nc6 3. Nc3 Nf6 4. Bb5 a6 5. Bxc6 dxc6 6. O-O b5 7. d4 exd4 8.
Nxd4 Bb7 9. Bg5 Be7 10. Nf5 O-O 11. Nxe7+ Qxe7 12. Qf3 c5 13. Bxf6 Qxf6 14. Qxf6
gxf6 15. Nd5 Bxd5 16. exd5 Rfe8 17. Rfe1 Rxe1+ 18. Rxe1 Kf8 19. b3 Re8 20. Rxe8+
Kxe8 21. c4 Kd7 22. f4 c6 23. dxc6+ Kxc6 24. Kf2 b4 25. Kf3 f5 26. Kg3 Kd7 27.
Kh4 Ke7 28. Kg5 Ke6 29. Kh6 1-0

[Event "AUTO-OPEN-4274"]
[Site "http://www.queenalice.com/game.php?id=1650265"]
[Date "2021.4.20"]
[Round "1"]
[White "Walter"]
[Black "Rutty"]
[Result "0-1"]
[WhiteElo "1807"]
[BlackElo "2083"]

1. e4 e5 2. Nf3 Nc6 3. Bc4 Bc5 4. h3 Nf6 5. d3 h6 6. Nc3 O-O 7. O-O d6 8. a3 Be6
9. Bxe6 fxe6 10. Re1 Nd4 11. Nxd4 Bxd4 12. Bd2 d5 13. Be3 Bxc3 14. bxc3 dxe4 15.
d4 exd4 16. cxd4 Nd5 17. c4 Nf6 18. Qb3 b6 19. Rad1 Qe7 20. Qb4 Qf7 21. Qb5 c5
22. dxc5 bxc5 23. Bxc5 Rfb8 24. Qa5 Rb2 25. Qc3 Rab8 26. Bd4 R8b3 27. Qa5 Ra2
28. Bxf6 Qxf6 29. Rd8+ Kh7 30. Rd2 Raxa3 31. Qd8 Qxd8 32. Rxd8 e3 33. fxe3 Rxe3
34. Rxe3 Rxe3 35. Rd6 Rc3 36. Rxe6 Rxc4 37. Ra6 Rc7 38. Kh2 Kg8 39. h4 Kf7 40.
g4 Ke7 41. Kg3 Kd8 42. Kf4 Rf7+ 43. Ke5 Kc8 44. g5 hxg5 45. hxg5 Kb7 46. Rg6 Rc7
47. Kf5 a5 48. Rd6 Rc6 49. Rxc6 Kxc6 50. Ke4 a4 51. Kd3 Kd5 52. Kc3 Ke5 53. g6
Kf6 54. Kb4 Kxg6 55. Kxa4 Kf5 56. Kb3 Kf4 0-1

[Event "AUTO-OPEN-4274"]
[Site "http://www.queenalice.com/game.php?id=1650292"]
[Date "2021.4.20"]
[Round "1"]
[White "Givanildo"]
[Black "Walter"]
[Result "0-1"]
[WhiteElo "1680"]
[BlackElo "1760"]

1. d4 d5 2. Bf4 Bf5 3. e3 Nf6 4. h3 Nc6 5. a3 a6 6. Nc3 e6 7. Bg5 Be7 8. b4 O-O
9. f3 h6 10. Bh4 e5 11. b5 axb5 12. Nxb5 exd4 13. Nxd4 Nxd4 14. Qxd4 c5 15. Qb2
d4 16. e4 Bc8 17. Bd3 Qc7 18. c4 b6 19. a4 Qc6 20. Ne2 Qd6 21. Qd2 Nd7 22. Bg3
Qc6 23. O-O Rxa4 24. Rxa4 Qxa4 25. Bc2 Qb4 26. Qd3 Ba6 27. Bb3 Ne5 28. Qd1 Nxc4
29. Bxc4 Qxc4 30. Re1 Rd8 31. Qd2 Qb4 32. Qa2 Qa5 33. Qc2 d3 34. Qb2 dxe2 35.
Bf4 Qxe1+ 36. Kh2 b5 37. Bg3 Qd2 38. Qxd2 Rxd2 39. h4 Rd1 40. e5 e1=Q 41. Bxe1
Rxe1 42. Kg3 b4 43. f4 b3 44. Kg4 b2 45. g3 b1=Q 46. h5 Be2+ 47. Kh3 Rh1+ 48.
Kg2 Qg1# 0-1

[Event "AUTO-OPEN-4274"]
[Site "http://www.queenalice.com/game.php?id=1650293"]
[Date "2021.4.20"]
[Round "1"]
[White "Walter"]
[Black "Givanildo"]
[Result "1-0"]
[WhiteElo "1783"]
[BlackElo "1683"]

1. e4 d5 2. exd5 Qxd5 3. Nc3 Qe5+ 4. Qe2 Qxe2+ 5. Bxe2 Bf5 6. d3 e6 7. Nf3 h6 8.
Bf4 g5 9. Bxc7 Nc6 10. Bg3 Bb4 11. O-O Nge7 12. Nb5 Ba5 13. Nd6+ Kf8 14. Nxb7
Bb6 15. Nd6 Bg6 16. Rfe1 Nd4 17. Nxd4 Bxd4 18. c3 Bc5 19. Ne4 Bb6 20. Bf3 Rd8
21. d4 f5 22. Be5 fxe4 23. Bxe4 Nf5 24. Bxh8 Kf7 25. Be5 Ne7 26. Bxg6+ Nxg6 27.
g3 g4 28. b4 h5 29. a4 h4 30. a5 Nxe5 31. Rxe5 Bc7 32. Re4 hxg3 33. fxg3 Rg8 34.
Rae1 Rg6 35. Rf1+ Ke7 36. Kg2 e5 37. dxe5 Re6 38. Rf5 a6 39. h3 gxh3+ 40. Kxh3
Rh6+ 41. Kg4 Rg6+ 42. Rg5 Rc6 43. c4 Bd8 44. c5 Kf7 45. Rf5+ Ke8 46. Rd4 Rg6+
47. Kf4 Rh6 48. g4 Ke7 49. Rd6 Rh8 50. Rxa6 Rh1 51. Ra7+ Ke8 52. Raf7 Rf1+ 53.
Kg3 Rg1+ 54. Kf4 Be7 55. a6 Ra1 56. b5 Ra4+ 57. Kg3 Bxc5 58. e6 Bd6+ 59. Kh4
Be7+ 60. Kh5 Ra2 61. Kg6 Rg2 62. g5 Re2 63. a7 Rxe6+ 64. Kh5 Rd6 65. a8=Q+ Rd8
66. Qc6+ Rd7 67. Qc8+ Rd8 68. Rf8+ Bxf8 69. Rxf8+ Kxf8 70. Qxd8+ Kf7 71. b6 1-0

[Event "AUTO-OPEN-4274"]
[Site "http://www.queenalice.com/game.php?id=1650312"]
[Date "2021.4.20"]
[Round "1"]
[White "Walter"]
[Black "Castling"]
[Result "0-1"]
[WhiteElo "1781"]
[BlackElo "1645"]

1. e4 e5 2. Nf3 d6 3. d4 Bg4 4. Be2 h6 5. d5 Nf6 6. h3 Bd7 7. Nc3 a6 8. Be3 Be7
9. O-O g5 10. a3 Bb5 11. Bxb5+ axb5 12. Nd2 b4 13. axb4 Rxa1 14. Qxa1 Na6 15.
Qa4+ Qd7 16. Qxd7+ Kxd7 17. b5 Nb4 18. Rc1 Nh5 19. b6 c6 20. dxc6+ Nxc6 21. Nd5
Ra8 22. Nxe7 Kxe7 23. c3 Ke6 24. Nc4 Ng7 25. b4 f5 26. exf5+ Nxf5 27. b5 Nce7
28. Rb1 Nd5 29. Bd2 Ra4 30. Ne3 Ndxe3 31. fxe3 Ra2 32. Rd1 Rb2 33. Kh2 Rxb5 34.
e4 Ne7 35. Be3 Nc6 36. Ra1 Rb3 37. Rc1 d5 38. exd5+ Kxd5 39. c4+ Ke6 40. Bf2 e4
41. c5 e3 42. Be1 Kd5 43. Rc2 Nd4 44. Rc3 Kc6 45. Rc4 Rd3 46. Kg1 Rd1 47. Kh2 e2
48. Kg3 Rxe1 49. Rxd4 Rc1 50. Re4 e1=Q+ 51. Rxe1 Rxe1 52. Kg4 Kxc5 53. Kh5 Rg1
54. g4 Rh1 55. Kxh6 Rxh3+ 56. Kxg5 Rg3 0-1

[Event "AUTO-OPEN-4274"]
[Site "http://www.queenalice.com/game.php?id=1650313"]
[Date "2021.4.20"]
[Round "1"]
[White "Castling"]
[Black "Walter"]
[Result "0-1"]
[WhiteElo "1660"]
[BlackElo "1772"]

1. e4 e5 2. Bc4 Nf6 3. d3 Bc5 4. h3 Nc6 5. a3 d6 6. Nf3 h6 7. Nc3 O-O 8. Nd5
Nxd5 9. Bxd5 Bd7 10. Qe2 Re8 11. Be3 Bxe3 12. Qxe3 Be6 13. O-O-O Bxd5 14. exd5
Ne7 15. d4 Nxd5 16. dxe5 Nxe3 17. fxe3 d5 18. e4 c6 19. exd5 cxd5 20. Rhe1 Qd7
21. Nd4 a6 22. g4 Qc7 23. Rd3 Rxe5 24. Rxe5 Qxe5 25. Rd1 Qg3 26. Nf5 Qxh3 0-1